Gobierno local en el sector rural

El presente cuadernillo sobre el Gobierno Local tiene por objetivo explicar brevemente las proyecciones del actual proceso de municipalización de los servicios básicos. Para ellos, hemos considerado las acciones que se han tomado en esa dirección en la última década, así como las indicaciones sobre...

Full description

Bibliographic Details
Corporate Author: GIA Universidad Academia de Humanismo Cristiano
Format: Libro
Language:Spanish
Published: Santiago, Chile: GIA, 1989.
Series:Cuadernillo de información agraria 21
Subjects:
Online Access:Disponible en línea (PDF). Biblioteca Digital UAHC

MARC

LEADER 00000cam a2200000 a 4500
001 034044
003 UAHC_CL
005 20210909175947.0
008 010822s1989 cl 000 spa
952 |0 0  |1 0  |4 0  |6 GIA_015037  |7 0  |8 COMP  |9 65012  |a BC  |b BC  |c General  |d 2017-08-03  |l 0  |o GIA 015-037  |p 1330076  |r 2019-01-04 00:00:00  |t c.1  |w 2017-08-03  |y BK 
999 |c 34044  |d 34044 
040 |a UAHC_CL  |c UAHC_CL  |d UAHC_CL 
082 0 4 |a GIA 015-003 
245 1 0 |a Gobierno local en el sector rural   |c Grupo de Investigaciones Agrarias.  
260 |a Santiago, Chile:  |b GIA,  |c 1989. 
300 |a 79 p. 
490 0 |a Cuadernillo de información agraria  |v 21 
520 |a El presente cuadernillo sobre el Gobierno Local tiene por objetivo explicar brevemente las proyecciones del actual proceso de municipalización de los servicios básicos. Para ellos, hemos considerado las acciones que se han tomado en esa dirección en la última década, así como las indicaciones sobre funciones y gestión municipal establecidas en la Ley Orgánica Constitucional de Municipalidades Nº 18.695, aparecida en el Diario Oficial el 31 de Marzo de 1988. 
650 0 |a Gobierno local  |9 1307  |z Chile 
650 0 |a Campesinos   |9 8505  |z Chile 
710 |a GIA   |b Universidad Academia de Humanismo Cristiano  |9 8461 
856 |u http://bibliotecadigital.academia.cl/xmlui/handle/123456789/3802  |y Disponible en línea (PDF). Biblioteca Digital UAHC 
900 |a GIA 015-037 
942 |c BK